| 000 | 01020cam a2200253 a 4500 | ||
|---|---|---|---|
| 999 |
_c332166 _d332166 |
||
| 001 | 1145728 | ||
| 003 | NUST | ||
| 005 | 20171116102730.0 | ||
| 008 | 951219s1996 mdua b 001 0 eng | ||
| 010 | _a 95048415 | ||
| 020 | _a0865875154 | ||
| 040 |
_aDLC _cDLC _dDLC |
||
| 050 | 0 | 0 |
_aHD30.255 _b.D38 1996 |
| 082 | 0 | 0 |
_a628.5 DAU _220 |
| 100 | 1 |
_aDaugherty, Jack E. _q(Jack E.) _96430 |
|
| 245 | 1 | 0 |
_aIndustrial environmental management : _ba practical handbook / _cJack E. Daugherty. |
| 260 |
_aRockville, Md. : _bGovernment Institutes, _cc1996. |
||
| 300 |
_axxiv, 572 p. : _bill. ; _c24 cm. |
||
| 500 | _aH.B | ||
| 504 | _aIncludes bibliographical references and index. | ||
| 650 | 0 |
_aIndustrial management _xEnvironmental aspects. _96431 |
|
| 650 | 0 |
_aEnvironmental management. _96432 |
|
| 906 |
_a7 _bcbc _corignew _d1 _eocip _f19 _gy-gencatlg |
||
| 942 |
_2ddc _cBK _kIESE |
||